| 000 | 01448nam a2200325 a 4500 | ||
|---|---|---|---|
| 001 | ebr10714623 | ||
| 003 | CaPaEBR | ||
| 006 | m o u | ||
| 007 | cr cn||||||||| | ||
| 008 | 130606s2013 enka s 000 0 eng d | ||
| 020 | _z9781782169529 | ||
| 020 | _z9781782169536 (e-book) | ||
| 040 |
_aCaPaEBR _cCaPaEBR |
||
| 035 | _a(OCoLC)849919052 | ||
| 050 | 1 | 4 |
_aQA76.76.D47 _bK85 2013eb |
| 100 | 1 | _aKulkarni, Ram. | |
| 245 | 1 | 0 |
_aInstant Eclipse 4 RCP development how-to _h[electronic resource] : _bover 10 practical recipes for creating rich client applications using Eclipse 4 / _cRam Kulkarni. |
| 246 | 3 |
_aInstant Eclipse 4 RCP development how-to : _bover ten practical recipes for creating rich client applications using Eclipse 4 |
|
| 260 |
_aBirmingham : _bPackt Pub., _c2013. |
||
| 300 |
_a55 p. : _bill. (some col.) |
||
| 500 | _a"Instant: short, fast, focused"--Cover. | ||
| 533 |
_aElectronic reproduction. _bPalo Alto, Calif. : _cebrary, _d2013. _nAvailable via World Wide Web. _nAccess may be limited to ebrary affiliated libraries. |
||
| 630 | 0 | 0 | _aEclipse (Electronic resource) |
| 650 | 0 |
_aComputer software _xDevelopment. |
|
| 650 | 0 | _aJava (Computer program language) | |
| 650 | 0 |
_aApplication software _xDevelopment. |
|
| 655 | 7 |
_aElectronic books. _2local |
|
| 710 | 2 | _aebrary, Inc. | |
| 856 | 4 | 0 |
_uhttp://site.ebrary.com/lib/rucke/Doc?id=10714623 _zAn electronic book accessible through the World Wide Web; click to view |
| 999 |
_c1624 _d1624 |
||